000 01002cam a2200193 4500
001 WB@3612-581
008 041216n2004 000 0 eng u
035 _a(Sirsi) u128339
245 _aFreedom in January
260 _c2004
490 _aDepartment for Constitutional Affairs Press Notice
_v10 December 2004 (3)
520 _aThe Freedom of Information Act 2000 comes fully into effect on 1 January 2005. With this in mind the government has taken an important step to creating a simple system for the exchange of information between public bodies and the public. Regulations include no charge for search and collation time for the vast majority of requests and the fees regime will be easy for public bodies to operate. Full details are available on the website. http://www.gnn.gov.uk/Content/Detail.asp?ReleaseID =138941&NewsAreaID=2
590 _aWB
590 _aWB
650 _aFREEDOM OF INFORMATION ACT 2000
650 _aACCESS TO INFORMATION
690 _aLAW-UK
942 _n0
999 _c118459
_d118459